000 00542nam a2200217Ia 4500
008 210412s9999 xx 000 0 und d
020 _a9780062273208
041 _aEnglish
082 _a658.114.1 HOR
100 _aHorowitz (Ben)
245 4 _aThe Hard Thing About Hard Thing: Building Business When There Are No Easy Answers
260 _bHarperCollins
260 _c2014
300 _a289
300 _bHard Pack
300 _eHard Pack
365 _b459
365 _dRupees
650 _aEntrepreneurship
942 _cBK
999 _c180585
_d180585